Marketing estrategico (Registro nro. 2981)
[ vista simple ]
| 000 -LEADER | |
|---|---|
| fixed length control field | 00883 a2200193 4500 |
| 001 - CONTROL NUMBER | |
| control field | 39203 |
| 005 - DATE AND TIME OF LATEST TRANSACTION | |
| control field | 20260407155651.0 |
| 008 - FIXED-LENGTH DATA ELEMENTS--GENERAL INFORMATION | |
| fixed length control field | 260407a1988 arg spa d |
| 003 - CONTROL NUMBER IDENTIFIER | |
| control field | AR-UNSa-BCEJYS |
| 040 ## - CATALOGING SOURCE | |
| Original cataloging agency | AR-UNSa-BCEJYS |
| Language of cataloging | spa |
| Transcribing agency | AR-UNSa-BCEJYS |
| 080 ## - UNIVERSAL DECIMAL CLASSIFICATION NUMBER | |
| Universal Decimal Classification number | 658.8 |
| Common auxiliary subdivision | Organización de mercados. Marketing. Ventas. Distribución |
| 100 1# - MAIN ENTRY--PERSONAL NAME | |
| Personal name | Wilensky, Alberto L. |
| 245 10 - TITLE STATEMENT | |
| Title | Marketing estrategico |
| Name of part/section of a work | enfoque simbolico de la demanda y clave real del negocio |
| 264 #1 - PRODUCTION, PUBLICATION, DISTRIBUTION, MANUFACTURE, AND COPYRIGHT NOTICE | |
| Place of production, publication, distribution, manufacture | Buenos Aires : |
| Name of producer, publisher, distributor, manufacturer | Tesis |
| Date of production, publication, distribution, manufacture, or copyright notice | 1988 |
| 300 ## - PHYSICAL DESCRIPTION | |
| Extent | 330 p. |
| Dimensions | 23 cm. |
| 505 ## - FORMATTED CONTENTS NOTE | |
| Formatted contents note | Parte I: Conceptos clave : 1. La base del negocio - 2. Demanda - 3. Mercados - 4. Negocio - 5. Marketing estrategico - Parte II: Fundamnetos teoricos : 6. Modelos de decision del consumidor - 7. El universo simbolico - 8. La naturaleza psicologica - 9. El fenomeno del consumo |
| 590 ## - LOCAL NOTE (RLIN) | |
| Local note | niveau_biblio:m niveau_hierar:0 |
| 942 ## - ADDED ENTRY ELEMENTS (KOHA) | |
| Koha item type | |
| Withdrawn status | Lost status | Damaged status | Not for loan | Home library | Current library | Shelving location | Date acquired | Total checkouts | Full call number | Barcode | Date last seen | Price effective from | Koha item type |
|---|---|---|---|---|---|---|---|---|---|---|---|---|---|
| Biblioteca Prof. Eusebio Cleto del Rey | Biblioteca Prof. Eusebio Cleto del Rey | 07/04/2026 | 658.8 W676 2ed. | L53112 | 07/04/2026 | 07/04/2026 | Libro |